Совершенствование топливоиспользования и процессов тепломассообмена; Известия Томского политехнического университета [Известия ТПУ]; Т. 303, вып. 1
| Parent link: | Известия Томского политехнического университета [Известия ТПУ]/ Томский политехнический университет (ТПУ).— , 2000- Т. 303, вып. 1.— 2000.— [С. 286-297] |
|---|---|
| Autor principal: | |
| Outros Autores: | |
| Resumo: | Заглавие с титульного листа Электронная версия печатной публикации Изложены результаты научных работ, характеризующих состояние и развитие основных исследований по теплоэнергетике на кафедрах теплоэнергетического факультета. |
| Idioma: | russo |
| Publicado em: |
2000
|
| Assuntos: | |
| Acesso em linha: | http://www.lib.tpu.ru/fulltext/v/Bulletin_TPU/2000/v303/i1/28.pdf |
| Formato: | MixedMaterials Recurso Electrónico Capítulo de Livro |
| KOHA link: | https://koha.lib.tpu.ru/cgi-bin/koha/opac-detail.pl?biblionumber=162559 |
MARC
| LEADER | 00000nla2a2200000 4500 | ||
|---|---|---|---|
| 001 | 162559 | ||
| 005 | 20231228134254.0 | ||
| 035 | |a (RuTPU)RU\TPU\book\176307 | ||
| 035 | |a RU\TPU\book\176290 | ||
| 090 | |a 162559 | ||
| 100 | |a 20090623d2000 k y0rusy50 ca | ||
| 101 | 0 | |a rus | |
| 102 | |a RU | ||
| 135 | |a drnn ---uucaa | ||
| 181 | 0 | |a i | |
| 182 | 0 | |a b | |
| 200 | 1 | |a Совершенствование топливоиспользования и процессов тепломассообмена |f А. С. Заворин, С. А. Беляев | |
| 203 | |a Текст |c электронный | ||
| 215 | |a 1 файл (1.4 Мб) | ||
| 300 | |a Заглавие с титульного листа | ||
| 300 | |a Электронная версия печатной публикации | ||
| 330 | |a Изложены результаты научных работ, характеризующих состояние и развитие основных исследований по теплоэнергетике на кафедрах теплоэнергетического факультета. | ||
| 337 | |a Adobe Reader | ||
| 461 | 1 | |0 (RuTPU)RU\TPU\book\176237 |t Известия Томского политехнического университета [Известия ТПУ] |f Томский политехнический университет (ТПУ) |d 2000- | |
| 463 | 1 | |0 (RuTPU)RU\TPU\book\176238 |t Т. 303, вып. 1 |o тематический выпуск |f под ред. Ю. П. Похолкова, В. Я. Ушакова |v [С. 286-297] |d 2000 |p 324 с. | |
| 610 | 1 | |a теплоэнергетика | |
| 610 | 1 | |a тепломассообмен | |
| 610 | 1 | |a топливоиспользование | |
| 610 | 1 | |a труды учёных ТПУ | |
| 610 | 1 | |a электронный ресурс | |
| 700 | 1 | |a Заворин |b А. С. |c специалист в области теплотехники |c профессор Томского политехнического университета, доктор технических наук |f 1946- |g Александр Сергеевич |3 (RuTPU)RU\TPU\pers\25896 | |
| 701 | 1 | |a Беляев |b С. А. |c специалист в области теплоэнергетики |c доцент Томского политехнического университета |f 1942- |g Сергей Александрович |3 (RuTPU)RU\TPU\pers\27762 |9 12823 | |
| 801 | 1 | |a RU |b 63413507 |c 20090623 |g PSBO | |
| 801 | 2 | |a RU |b 63413507 |c 20210318 |g PSBO | |
| 856 | 4 | |u http://www.lib.tpu.ru/fulltext/v/Bulletin_TPU/2000/v303/i1/28.pdf | |
| 942 | |c CF | ||